Principles of industrial instrumentation / (Record no. 36853)

MARC details
000 -LEADER
fixed length control field 01035nam a22002897a 4500
005 - DATE AND TIME OF LATEST TRANSACTION
control field 20100709115723.0
008 - FIXED-LENGTH DATA ELEMENTS--GENERAL INFORMATION
fixed length control field 100709t xxu||||| |||| 00| 0 eng d
010 ## - LCCN (DPL NO)
LC control number ENG-96370
020 ## - INTERNATIONAL STANDARD BOOK NUMBER
International Standard Book Number 9780070699717
Terms of availability 375.00
020 ## - INTERNATIONAL STANDARD BOOK NUMBER
International Standard Book Number 0070699712
Terms of availability 375.00
035 ## - SYSTEM CONTROL NUMBER
System control number EN-79903
037 ## - SOURCE OF ACQUISITION
Source of stock number/acquisition DBAD/PUB
040 ## - CATALOGING SOURCE
Original cataloging agency DPL
Language of cataloging Eng
082 ## - DEWEY DECIMAL CLASSIFICATION NUMBER
Classification number 620.0044
100 ## - MAIN ENTRY--PERSONAL NAME
Personal name Patranabis,D.
9 (RLIN) 16475
245 ## - TITLE STATEMENT
Title Principles of industrial instrumentation /
Statement of responsibility, etc by D.Patranabis
250 ## - EDITION STATEMENT
Edition statement 3rd ed
260 ## - PUBLICATION, DISTRIBUTION, ETC. (IMPRINT)
Place of publication, distribution, etc New Delhi
Name of publisher, distributor, etc Tata McGraw Hill
Date of publication, distribution, etc 2010
270 ## - ADDRESS
Address 7, West Patel Nagar
City New Delhi
Postal code 110008
300 ## - PHYSICAL DESCRIPTION
Extent xiii, 560 p.:
Dimensions 24cm. (pbk)
Other physical details ill.
500 ## - GENERAL NOTE
General note Includes bibliographical references and index.
650 ## - SUBJECT ADDED ENTRY--TOPICAL TERM
Topical term or geographic name as entry element Engineering instruments.
9 (RLIN) 16476
650 ## - SUBJECT ADDED ENTRY--TOPICAL TERM
Topical term or geographic name as entry element Physical instruments.
9 (RLIN) 16477
650 ## - SUBJECT ADDED ENTRY--TOPICAL TERM
Topical term or geographic name as entry element Engenharia Mecanica
9 (RLIN) 16478
942 ## - ADDED ENTRY ELEMENTS (KOHA)
Source of classification or shelving scheme Dewey Decimal Classification
Item type English Books
Call number suffix PAT
Classification part 620.0044
Holdings
Withdrawn status Lost status Source of classification or shelving scheme Damaged status Not for loan Collection code Home library Current library Date acquired Source of acquisition Cost, normal purchase price Total Checkouts Full call number Barcode Date last seen Copy number Cost, replacement price Koha item type
    Dewey Decimal Classification   Not For Loan Non-fiction D.B.Act.Division D.B.Act.Division 09/07/2010 DBAD/PUB 375.00   PAT EN-79903 09/07/2010 1 375.00 English Books

© Delhi Public Library
Hit Counter
free hit counter